Joueurs de l'Olympique de Marseille 2022/2023 - Statistiques

Statistiques générales
  • Ce quiz a été pris 1 451 fois
  • Le résultat moyen est 18 sur 24
Statistiques - réponses
Poste Nom % Correct
G Pau López
98%
AT-BU Alexis Sánchez
94%
MC-MOC-MDC Mattéo Guendouzi
93%
MC-MOC-AG-AD Dimitri Payet
92%
Coach Igor Tudor
92%
DLD-DLG Jonathan Clauss
92%
DC Leonardo Balerdi
92%
MC-DD-DG Valentin Rongier
92%
DC Chancel Mbemba
91%
MC-MDC Jordan Veretout
89%
DC Samuel Gigot
89%
DLD-DLG Nuno Albertino Varela Tavares
87%
AT-AG-AD-MOC Cengiz Ünder
83%
G Rubén Blanco
83%
DD-DG-DC Sead Kolasinac
81%
MC-MOC-AG-AD Amine Harit
77%
DLD-DLG Issa Kaboré
72%
DC Eric Bailly
71%
AT-BU Bamba Dieng
59%
MC-MDC Pape Gueye
57%
AT-BU Luis Suárez
47%
DLD-DLG Souleymane Isaak Touré
43%
G Simon Ngapandouetnbu
42%
MC-MOC Gerson Santos da Silva
9%
Aucun quiz correspondant
Distribution des résultats
% des personnes avec chaque résultat
Percentile par nombre de réponses
Votre historique - résultats
Vous n’avez pas pris ce quiz